[Event "Kent league"]
[Site "?"]
[Date "2012.12.08"]
[Round "?"]
[White "Stebbings, A."]
[Black "Chandler, C."]
[Result "1/2-1/2"]
[WhiteElo "2282"]
[BlackElo "2330"]
[PlyCount "62"]
[EventDate "2012.??.??"]

1. e4 d5 2. exd5 Qxd5 3. Nc3 Qa5 4. d4 Nf6 5. Nf3 Bf5 6. Bc4 c6 7. Bd2 e6 8.
Qe2 Bb4 9. O-O-O Nbd7 10. Ne5 Nxe5 11. dxe5 Ng4 12. f4 b5 13. Bb3 Qb6 14. Ne4
Bxd2+ 15. Rxd2 Bxe4 16. Qxe4 O-O 17. Qf3 Ne3 18. Re1 Nf5 19. Red1 a5 20. c3 a4
21. Bc2 Ne3 22. Qe4 g6 23. Re1 Nc4 24. Rdd1 Rfd8 25. Rd4 c5 26. Rxd8+ Rxd8 27.
Rd1 Rxd1+ 28. Bxd1 Qd8 29. Qe2 Qa5 30. a3 Qd8 31. Bc2 Qd5 1/2-1/2

[Event "London league"]
[Site "?"]
[Date "2012.12.12"]
[Round "?"]
[White "Stebbings, A."]
[Black "Spearman, D."]
[Result "1-0"]
[WhiteElo "2282"]
[BlackElo "2146"]
[PlyCount "72"]
[EventDate "2012.??.??"]

1. d4 Nf6 2. c4 c6 3. Nc3 d5 4. e3 Qb6 5. Qc2 Nbd7 6. Nf3 g6 7. Be2 Bg7 8. O-O
O-O 9. b3 Re8 10. Bb2 Nf8 11. Bd3 Qd8 12. h3 N8d7 13. Rad1 a6 14. e4 dxe4 15.
Nxe4 Nxe4 16. Bxe4 Nf6 17. Bd3 Qa5 18. Ne5 Be6 19. f4 Nd7 20. f5 Bxf5 21. Rxf5
Nxe5 22. Rxe5 Bxe5 23. dxe5 Qc5+ 24. Kh2 Qe3 25. Rf1 Rad8 26. Rf3 Qg5 27. Qf2
e6 28. Qe1 c5 29. Bc1 Qe7 30. Qg3 Rd4 31. Bg5 Qf8 32. Rf4 Rxf4 33. Qxf4 Rb8 34.
Qh4 b6 35. Be7 Qg7 36. Bf6 Qf8 1-0

[PlyCount "83"]
[EventDate "2011.??.??"]

[Event "4NCL league"]
[Site "?"]
[Date "2013.01.13"]
[Round "?"]
[White "Stebbings, A."]
[Black "Stefanova, A."]
[Result "0-1"]
[WhiteElo "2322"]
[BlackElo "2516"]
[PlyCount "108"]
[EventDate "2013.??.??"]

1. e4 e5 2. Nf3 Nc6 3. Bb5 a6 4. Ba4 Nf6 5. Qe2 Bd6 6. c3 O-O 7. O-O Re8 8. d3
Bf8 9. Bg5 h6 10. Bh4 b5 11. Bb3 d6 12. Nbd2 Na5 13. Bc2 c5 14. a4 Bb7 15. axb5
axb5 16. d4 exd4 17. cxd4 c4 18. Rfe1 Nc6 19. Rxa8 Bxa8 20. h3 g5 21. Bg3 Qb6
22. Qe3 Nb4 23. Bb1 Nbd5 24. Qa3 Nc7 25. Qc3 Bg7 26. b3 d5 27. bxc4 bxc4 28.
exd5 Rxe1+ 29. Nxe1 Bxd5 30. Bxc7 Qxc7 31. Ba2 Nd7 32. Nc2 Qf4 33. Bxc4 Bxc4
34. Nxc4 Qc1+ 35. Kh2 Qf1 36. f3 Qc1 37. N4e3 Bf8 38. Qe1 Qb2 39. Qa1 Qb3 40.
Qa8 Nf6 41. Qc8 Nd5 42. Qe8 Nf4 43. Qe4 Qb8 44. Kg1 Qb1+ 45. Kf2 Qc1 46. Kg3
Qg1 47. Qe5 Nh5+ 48. Kg4 Qf2 49. g3 Nxg3 50. h4 gxh4 51. d5 h5+ 52. Kxh4 Ne4+
53. Kh3 Qxf3+ 54. Kh4 Qh1+ 0-1

[Event "London league"]
[Site "?"]
[Date "2013.01.14"]
[Round "?"]
[White "Stebbings, A."]
[Black "Millward, K."]
[Result "1-0"]
[WhiteElo "2322"]
[BlackElo "2066"]
[PlyCount "91"]
[EventDate "2013.??.??"]

1. e4 g6 2. d4 Bg7 3. Nc3 d6 4. Nge2 a6 5. a4 b6 6. g3 Bb7 7. Bg2 e6 8. O-O Ne7
9. Be3 O-O 10. Qd2 Nd7 11. Bh6 Bxh6 12. Qxh6 f5 13. Nf4 Qc8 14. Nxe6 Rf7 15.
Qd2 Nf6 16. exf5 Bxg2 17. Kxg2 Nxf5 18. Rae1 Qd7 19. Re2 Re8 20. Rfe1 Rfe7 21.
d5 c6 22. Kg1 h6 23. Qd3 Kf7 24. dxc6 Qxc6 25. Nf4 Re5 26. h3 h5 27. Rd1 b5 28.
axb5 axb5 29. Rxe5 Rxe5 30. Ncd5 Qc5 31. Nxf6 Kxf6 32. g4 hxg4 33. hxg4 Nh4 34.
Qxd6+ Qxd6 35. Rxd6+ Kg5 36. Nd3 Re2 37. c3 Rc2 38. Kf1 Kxg4 39. Rd4+ Kg5 40.
Rb4 Nf3 41. Rxb5+ Kg4 42. Rb4+ Kh3 43. Nf4+ Kh2 44. Nxg6 Nd2+ 45. Ke2 Nb1+ 46.
Ke3 1-0

[Event "London league"]
[Site "?"]
[Date "2013.01.21"]
[Round "?"]
[White "Cutmore, D."]
[Black "Stebbings, A."]
[Result "0-1"]
[WhiteElo "2162"]
[BlackElo "2322"]
[PlyCount "102"]
[EventDate "2013.??.??"]

1. d4 Nf6 2. c4 e6 3. Nc3 Bb4 4. f3 O-O 5. a3 Bxc3+ 6. bxc3 Ne8 7. Nh3 b6 8. e4
Ba6 9. Bd3 Nc6 10. Qe2 Na5 11. e5 Qh4+ 12. Kd1 f6 13. Rb1 c5 14. Bf4 cxd4 15.
Bg3 Qh6 16. cxd4 Rc8 17. exf6 Nxf6 18. Bd6 Rfe8 19. Bf4 Qh4 20. Rb4 Rc6 21. Ra4
d5 22. c5 Bxd3 23. Qxd3 Nc4 24. Qb3 Re7 25. Re1 h6 26. Qb5 Rc8 27. cxb6 axb6
28. Qb4 Kf7 29. Re2 g5 30. Be5 g4 31. Nf4 gxf3 32. Qxe7+ Kxe7 33. Ng6+ Ke8 34.
Nxh4 fxe2+ 35. Kxe2 Ne4 36. Ra7 Nxe5 37. dxe5 Rc3 38. Ng6 d4 39. Nf4 Re3+ 40.
Kd1 Nc5 41. Rh7 Rxa3 42. Rxh6 d3 43. Nxd3 Rxd3+ 44. Kc2 Re3 45. g4 Rxe5 46. h4
Kf7 47. g5 Kg7 48. Kc3 Re4 49. h5 Rg4 50. Rg6+ Kf7 51. Rf6+ Ke7 0-1

[Event "London league"]
[Site "?"]
[Date "2013.02.04"]
[Round "?"]
[White "Compton, A."]
[Black "Stebbings, A."]
[Result "0-1"]
[WhiteElo "2154"]
[BlackElo "2322"]
[PlyCount "72"]
[EventDate "2013.??.??"]

1. e4 c5 2. c3 Nf6 3. e5 Nd5 4. d4 cxd4 5. Nf3 e6 6. cxd4 d6 7. a3 Bd7 8. Bd3
Bc6 9. O-O Nd7 10. b4 a6 11. Bd2 Rc8 12. Qe2 Be7 13. Rc1 O-O 14. Ra2 Ba4 15.
Nc3 Nxc3 16. Bxc3 Bb3 17. Rd2 Bd5 18. Rdd1 Qc7 19. Bd2 Qb8 20. Bf4 b5 21. h4
dxe5 22. dxe5 Rxc1 23. Rxc1 Rc8 24. Rxc8+ Qxc8 25. Ng5 Nf8 26. Ne4 Ng6 27. Bg5
Bxg5 28. Nxg5 Qc1+ 29. Kh2 Qf4+ 30. g3 Qxe5 31. Qc2 Bb7 32. f3 f5 33. Qf2 h6
34. Qb6 hxg5 35. Qxb7 gxh4 36. Qc8+ Kh7 0-1

[Event "Kent league"]
[Site "?"]
[Date "2013.02.12"]
[Round "?"]
[White "Stebbings, A."]
[Black "Mayhew, A."]
[Result "1-0"]
[WhiteElo "2322"]
[BlackElo "2370"]
[PlyCount "81"]
[EventDate "2013.??.??"]

1. e4 c5 2. Nf3 d6 3. d4 cxd4 4. Nxd4 Nf6 5. Nc3 a6 6. f4 Qc7 7. Nf3 Nbd7 8.
Bd3 g6 9. O-O Bg7 10. Qe1 b5 11. e5 dxe5 12. fxe5 Ng4 13. e6 fxe6 14. Qe4 Ngf6
15. Qxa8 Nb6 16. Bxb5+ axb5 17. Qa3 Nc4 18. Qb4 O-O 19. Nxb5 Qb6+ 20. Kh1 Nd6
21. a4 Bb7 22. Ra3 Nd5 23. Qe1 Nc4 24. Rb3 Na5 25. Rd3 e5 26. Be3 Qa6 27. Ng5
Nf6 28. b3 h6 29. Nh3 Qe6 30. Nf2 Nc6 31. Qe2 Nb4 32. Rd2 Nbd5 33. c4 Nxe3 34.
Qxe3 Ng4 35. Qe2 Qf5 36. Kg1 Nf6 37. Nc3 Qe6 38. Nfe4 Qb6+ 39. c5 Qa5 40. Qc4+
Kh7 41. b4 1-0

[Event "County match"]
[Site "?"]
[Date "2013.02.16"]
[Round "?"]
[White "Stebbings, A."]
[Black "Farr, P."]
[Result "1/2-1/2"]
[WhiteElo "2322"]
[BlackElo "2178"]
[PlyCount "96"]
[EventDate "2013.??.??"]

1. e4 e6 2. d4 d5 3. Nd2 Nf6 4. e5 Nfd7 5. f4 c5 6. c3 Nc6 7. Ndf3 Qb6 8. g3
Be7 9. Bh3 h5 10. Ne2 h4 11. g4 Nf8 12. O-O cxd4 13. cxd4 Bd7 14. f5 f6 15.
exf6 gxf6 16. Nf4 O-O-O 17. fxe6 Be8 18. Qc2 Kb8 19. Be3 Ne5 20. Rac1 Bc6 21.
b3 Rg8 22. Nxh4 Nxg4 23. Bxg4 Rxg4+ 24. Nhg2 a6 25. Rf3 Ka7 26. Rg3 Rxg3 27.
hxg3 Rd6 28. Qf5 Nxe6 29. Nxe6 Bd7 30. Ngf4 Bxe6 31. Qh7 Rd7 32. Qd3 Ba3 33.
Rc2 Bg4 34. Kf2 f5 35. Bc1 Bxc1 36. Rxc1 Qh6 37. Rg1 Qc6 38. Qd2 Rc7 39. Rg2
Re7 40. Rg1 Re4 41. Re1 Rxe1 42. Kxe1 Qe8+ 43. Kf2 Qe4 44. Qc3 Kb8 45. a4 Qh1
46. a5 Qh2+ 47. Kf1 Qh1+ 48. Kf2 Qh2+ 1/2-1/2

[Event "London league"]
[Site "?"]
[Date "2013.02.20"]
[Round "?"]
[White "Stebbings, A."]
[Black "Hill, A."]
[Result "1-0"]
[WhiteElo "2322"]
[BlackElo "2138"]
[PlyCount "109"]
[EventDate "2013.??.??"]

1. e4 c5 2. Nf3 Nc6 3. d4 cxd4 4. Nxd4 Nf6 5. Nc3 e5 6. Ndb5 d6 7. Bg5 a6 8.
Na3 b5 9. Nd5 Be7 10. Bxf6 Bxf6 11. c3 Bg5 12. Nc2 O-O 13. a4 bxa4 14. Rxa4 a5
15. Bc4 Rb8 16. b3 Kh8 17. O-O g6 18. Qd3 f5 19. Rd1 fxe4 20. Qxe4 Bf5 21. Qe2
Rb7 22. Nce3 Be6 23. Ra2 Rbf7 24. Qd3 Rg7 25. Nb6 Qxb6 26. Bxe6 Bxe3 27. Qxe3
Qc7 28. Rad2 Rd8 29. Rd3 Re7 30. Bd5 Na7 31. h4 Rg7 32. h5 gxh5 33. Qh6 Nc8 34.
Qxh5 Ne7 35. Be4 Ng6 36. Qh6 Qe7 37. Kf1 Qc7 38. g3 Qb6 39. c4 a4 40. bxa4 Qb4
41. Qc1 Nf8 42. Bf5 Qb7 43. Kg1 Ng6 44. Rxd6 Rdg8 45. Bxg6 Rxg6 46. Rxg6 Rxg6
47. Qe3 Qc7 48. Rd5 Re6 49. Qg5 Re8 50. Qf6+ Kg8 51. c5 Qb8 52. Rd7 Qb1+ 53.
Kh2 Qg6 54. Qxg6+ hxg6 55. c6 1-0

[Event "County match"]
[Site "?"]
[Date "2013.03.02"]
[Round "?"]
[White "Stebbings, A."]
[Black "Emerson, R."]
[Result "1/2-1/2"]
[WhiteElo "2322"]
[BlackElo "2306"]
[PlyCount "26"]
[EventDate "2013.??.??"]

1. e4 e5 2. Nf3 Nc6 3. Bb5 Nd4 4. Nxd4 exd4 5. O-O c6 6. Ba4 Nf6 7. c3 d5 8. d3
dxe4 9. cxd4 Bg4 10. Qc2 exd3 11. Qxd3 Be7 12. Nc3 O-O 13. Bg5 Nd5 1/2-1/2

[Event "London league"]
[Site "?"]
[Date "2013.03.04"]
[Round "?"]
[White "Freeman, R."]
[Black "Stebbings, A."]
[Result "0-1"]
[WhiteElo "2122"]
[BlackElo "2322"]
[PlyCount "74"]
[EventDate "2013.??.??"]

1. d4 Nf6 2. Bg5 e6 3. e4 h6 4. Bxf6 Qxf6 5. c3 d5 6. e5 Qd8 7. Bd3 c5 8. Ne2
Nc6 9. O-O cxd4 10. cxd4 Qb6 11. Nbc3 Bd7 12. Bc2 Be7 13. Rb1 Nb4 14. Bb3 O-O
15. a3 Nc6 16. Bc2 f5 17. exf6 Bxf6 18. Qd3 Nxd4 19. Qh7+ Kf7 20. Qg6+ Ke7 21.
Nf4 Kd6 22. Rfe1 Nxc2 23. Qxc2 Bd4 24. Nd3 Rf6 25. a4 Raf8 26. Nd1 Qc6 27. Nc3
Bxf2+ 28. Nxf2 Rxf2 29. Nb5+ Ke7 30. Qg6 Qb6 31. Qxg7+ R8f7 32. Qd4 Bxb5 33.
Qxb6 axb6 34. axb5 Rc2 35. Rec1 Rff2 36. Rxc2 Rxc2 37. b4 d4 0-1

[Event "County match"]
[Site "?"]
[Date "2013.03.16"]
[Round "?"]
[White "Stebbings, A."]
[Black "Rice, P."]
[Result "1/2-1/2"]
[WhiteElo "2322"]
[BlackElo "2066"]
[PlyCount "85"]
[EventDate "2013.??.??"]

1. e4 e6 2. d4 d5 3. Nd2 c5 4. exd5 exd5 5. Ngf3 Nc6 6. Bb5 Bd6 7. dxc5 Bxc5 8.
O-O Nge7 9. Nb3 Bd6 10. Re1 O-O 11. Bd3 h6 12. h3 Nb4 13. Bf1 Bf5 14. Nbd4 Be4
15. c3 Nbc6 16. Be3 a6 17. Qd2 Ng6 18. Rad1 Qf6 19. Nh2 Bxh2+ 20. Kxh2 Rfd8 21.
f3 Bf5 22. Nxc6 bxc6 23. Bf2 Qd6+ 24. Bg3 Qf8 25. Qd4 c5 26. Qa4 Rd7 27. Rd2
Qc8 28. Red1 Be6 29. Qa5 Qc6 30. b3 Rb7 31. Bf2 Qc7+ 32. Qxc7 Rxc7 33. b4 cxb4
34. cxb4 Ne7 35. a4 Nc8 36. Rb1 Rb7 37. b5 Nd6 38. b6 Nc4 39. Bxc4 dxc4 40. Rc1
Rc8 41. Rc3 Kf8 42. a5 Ke8 43. Kg1 1/2-1/2

[Event "London league"]
[Site "?"]
[Date "2013.04.09"]
[Round "?"]
[White "MacDonald, C."]
[Black "Stebbings, A."]
[Result "0-1"]
[WhiteElo "2162"]
[BlackElo "2322"]
[PlyCount "36"]
[EventDate "2013.??.??"]

1. d4 Nf6 2. c4 e6 3. g3 Bb4+ 4. Bd2 Qe7 5. Nc3 Nc6 6. Nf3 O-O 7. Qc2 d5 8. b3
dxc4 9. bxc4 e5 10. d5 Nd4 11. Nxd4 exd4 12. Nb5 Ne4 13. Rd1 Bf5 14. Qb2 Nxd2
15. Rxd2 Bxd2+ 16. Kxd2 c5 17. dxc6 bxc6 18. Nxd4 Rab8 0-1

[Event "London league"]
[Site "?"]
[Date "2013.05.13"]
[Round "?"]
[White "Pridding, A."]
[Black "Stebbings, A."]
[Result "1/2-1/2"]
[WhiteElo "2194"]
[BlackElo "2322"]
[PlyCount "105"]
[EventDate "2013.??.??"]

1. e4 c5 2. Nf3 e6 3. d4 cxd4 4. Nxd4 Nc6 5. Nc3 Qc7 6. Be2 a6 7. O-O Nf6 8.
Be3 Bb4 9. Nxc6 bxc6 10. Na4 O-O 11. Qd4 Bd6 12. Nb6 Rb8 13. Nc4 Bxh2+ 14. Kh1
Bf4 15. e5 Bxe3 16. fxe3 Nd5 17. Rf3 f5 18. Raf1 Bb7 19. Qh4 Qd8 20. Qh5 Qe8
21. Qh2 Qe7 22. Nd6 g6 23. e4 Nc7 24. Bc4 Kh8 25. g4 c5 26. gxf5 gxf5 27. Nxb7
Rxb7 28. exf5 Rxf5 29. Rxf5 exf5 30. Rxf5 d5 31. exd6 Qe4+ 32. Qg2 Qh4+ 33. Kg1
Qd4+ 34. Rf2 Nd5 35. Bxd5 Rg7 36. d7 Rxg2+ 37. Bxg2 Qxd7 38. b3 Qd1+ 39. Bf1 h5
40. Kg2 Qg4+ 41. Kh1 Qe4+ 42. Kg1 Qe1 43. Kg2 h4 44. Re2 Qg3+ 45. Kh1 Qf3+ 46.
Kg1 a5 47. a4 Kg7 48. Rg2+ Kh6 49. Bd3 h3 50. Rg8 Kh5 51. Kh2 Kh4 52. Rh8+ Kg4
53. Rg8+ 1/2-1/2

[Event "County match"]
[Site "?"]
[Date "2013.05.18"]
[Round "?"]
[White "Stebbings, A."]
[Black "Acey, G."]
[Result "1/2-1/2"]
[WhiteElo "2322"]
[BlackElo "2194"]
[PlyCount "89"]
[EventDate "2013.??.??"]

1. e4 e5 2. Nf3 Nc6 3. Bb5 a6 4. Ba4 Nf6 5. Qe2 Be7 6. c3 b5 7. Bb3 d6 8. O-O
O-O 9. Rd1 Na5 10. Bc2 c5 11. d4 Qc7 12. d5 Bd7 13. b3 Nb7 14. Nbd2 Rfc8 15.
Nf1 Nd8 16. h3 Ne8 17. g4 f6 18. Ng3 g6 19. Be3 Nf7 20. Nd2 Ng7 21. Bd3 Qb7 22.
c4 b4 23. a3 a5 24. a4 Rf8 25. Kh2 Qc8 26. Rg1 Kh8 27. Rg2 Ra7 28. Rh1 Rb7 29.
Bc2 Bd8 30. Kg1 Rg8 31. Kf1 Be7 32. Ke1 Ne8 33. Kd1 Bf8 34. Kc1 Bh6 35. Kb2 Bf4
36. Ndf1 Ng7 37. Qd3 Qe8 38. Ka2 Bxe3 39. Nxe3 Bc8 40. h4 h5 41. gxh5 Nxh5 42.
Nxh5 gxh5 43. Rxg8+ Qxg8 44. Qe2 Bg4 45. Qf1 1/2-1/2

[Event "European Senior Team ch."]
[Site "Dresden, Germany"]
[Date "2013.07.21"]
[Round "2"]
[White "Villing, D."]
[Black "Stebbings, A."]
[Result "0-1"]
[WhiteElo "2120"]
[BlackElo "2354"]
[PlyCount "68"]
[EventDate "2013.07.20"]

1. d4 Nf6 2. Nc3 d5 3. Bg5 Nbd7 4. f3 c6 5. Qd2 h6 6. Bh4 e6 7. e4 Nxe4 8. fxe4
Qxh4+ 9. g3 Qd8 10. Nge2 Bb4 11. a3 Ba5 12. Bg2 O-O 13. O-O dxe4 14. Bxe4 e5
15. Rad1 Nf6 16. Bg2 exd4 17. Nxd4 Bg4 18. Bf3 Bxf3 19. Rxf3 Ne4 20. Qf4 Nxc3
21. bxc3 c5 22. Rdd3 cxd4 23. cxd4 Qg5 24. Qxg5 hxg5 25. Rf5 Bb6 26. Kg2 Rac8
27. c3 f6 28. Rb5 Rc4 29. Kf3 Rfc8 30. Rb3 Kf7 31. Re3 R8c7 32. Ke4 Ba5 33. Kd5
Bxc3 34. Rd3 b6 0-1

[Event "European Senior Team ch."]
[Site "Dresden, Germany"]
[Date "2013.07.22"]
[Round "3"]
[White "Stebbings, A."]
[Black "Tatai, S."]
[Result "1/2-1/2"]
[WhiteElo "2354"]
[BlackElo "2365"]
[PlyCount "107"]
[EventDate "2013.07.20"]

1. e4 c5 2. Nf3 d6 3. d4 cxd4 4. Nxd4 Nf6 5. Nc3 a6 6. f4 Nbd7 7. Nf3 Qc7 8.
Bd3 b5 9. O-O Bb7 10. Qe1 e5 11. Kh1 g6 12. fxe5 dxe5 13. Qh4 Bg7 14. Bh6 O-O
15. Ng5 Rae8 16. a4 b4 17. Nd5 Bxd5 18. exd5 Qd6 19. Rad1 Nh5 20. Bxg7 Kxg7 21.
Ne4 Qb6 22. a5 Qxa5 23. Nd6 Ra8 24. Qe7 Nhf6 25. Rxf6 Nxf6 26. Rf1 Ng8 27.
Rxf7+ Rxf7 28. Qxf7+ Kh8 29. h3 Qa1+ 30. Kh2 Qc1 31. g3 Qd2+ 32. Kh1 Qh6 33.
Qe6 Rf8 34. Nf7+ Rxf7 35. Qxf7 Qxh3+ 36. Kg1 Qxg3+ 37. Kh1 Qh4+ 38. Kg2 Qg5+
39. Kf3 Qf6+ 40. Qxf6+ Nxf6 41. Bxa6 Kg7 42. d6 Kf7 43. Bc4+ Ke8 44. Be6 h5 45.
c4 bxc3 46. bxc3 g5 47. c4 g4+ 48. Kg3 Ne4+ 49. Kh4 Nxd6 50. Kxh5 g3 51. Bh3
Nxc4 52. Kg4 g2 53. Bxg2 Ne3+ 54. Kf3 1/2-1/2

[Event "European Senior Team ch."]
[Site "Dresden, Germany"]
[Date "2013.07.23"]
[Round "4"]
[White "Burnett, J."]
[Black "Stebbings, A."]
[Result "1/2-1/2"]
[WhiteElo "2218"]
[BlackElo "2354"]
[PlyCount "100"]
[EventDate "2013.07.20"]

1. d4 Nf6 2. c4 e6 3. Nf3 Bb4+ 4. Bd2 a5 5. Nc3 b6 6. g3 Bb7 7. Bg2 d6 8. O-O
Nbd7 9. Qc2 O-O 10. b3 Qb8 11. a3 Bxc3 12. Bxc3 Be4 13. Qb2 b5 14. a4 bxc4 15.
bxc4 Qxb2 16. Bxb2 Rfb8 17. Bc3 c5 18. Rfc1 cxd4 19. Bxd4 Nc5 20. Nd2 Bxg2 21.
Kxg2 Nfd7 22. Rc2 Rb4 23. Rca2 Nb6 24. Bxc5 dxc5 25. Rb1 Rc8 26. Rxb4 cxb4 27.
Rc2 Kf8 28. c5 Nxa4 29. Ra2 Nxc5 30. Rxa5 Nd7 31. Rb5 Rc2 32. Nf3 Rxe2 33. Rxb4
Nc5 34. Rb8+ Ke7 35. Ng1 Ra2 36. h4 e5 37. Kf3 f5 38. Ke3 h6 39. Rg8 Kf7 40.
Rc8 Ne4 41. Rc7+ Kg6 42. Nf3 Ra3+ 43. Ke2 Ra5 44. Rc6+ Kh5 45. Re6 Ra2+ 46. Ke3
Nxf2 47. Nxe5 g5 48. hxg5 hxg5 49. Kf3 Ng4 50. Nxg4 fxg4+ 1/2-1/2

[Event "European Senior Team ch."]
[Site "Dresden, Germany"]
[Date "2013.07.25"]
[Round "6"]
[White "Schmidt, G."]
[Black "Stebbings, A."]
[Result "1/2-1/2"]
[WhiteElo "2235"]
[BlackElo "2354"]
[PlyCount "49"]
[EventDate "2013.07.20"]

1. d4 Nf6 2. c4 e6 3. Nc3 Bb4 4. e3 O-O 5. Nf3 d5 6. Bd3 c5 7. O-O dxc4 8. Bxc4
Nbd7 9. a3 cxd4 10. exd4 Bxc3 11. bxc3 Qc7 12. Qb3 b6 13. Be2 Bb7 14. h3 Rac8
15. Bd2 Bd5 16. Qb2 Bc4 17. Bxc4 Qxc4 18. Rfc1 Ne4 19. a4 Rc6 20. a5 b5 21. a6
Rb8 22. Be3 Qd5 23. Ne5 Nxe5 24. dxe5 Nc5 25. c4 1/2-1/2

[Event "European Senior Team ch."]
[Site "Dresden, Germany"]
[Date "2013.07.26"]
[Round "7"]
[White "Stebbings, A."]
[Black "Bachmann, K."]
[Result "1-0"]
[WhiteElo "2354"]
[BlackElo "2244"]
[PlyCount "49"]
[EventDate "2013.07.20"]

1. e4 c5 2. Nf3 e6 3. d4 cxd4 4. Nxd4 Nf6 5. Nc3 d6 6. f4 Nc6 7. Be3 Be7 8. Qf3
Qc7 9. O-O-O a6 10. g4 Nxd4 11. Bxd4 O-O 12. g5 Nd7 13. Rg1 b5 14. Qh5 b4 15.
Rd3 Re8 16. Rh3 Nf8 17. g6 fxg6 18. Rxg6 e5 19. Nd5 Nxg6 20. Nxc7 Bxh3 21. Bc4+
Kh8 22. Nxa8 Rxa8 23. fxe5 dxe5 24. Bxe5 Nxe5 25. Qxe5 1-0

[Event "European Senior Team ch."]
[Site "Dresden, Germany"]
[Date "2013.07.28"]
[Round "9"]
[White "Dydyshko, V."]
[Black "Stebbings, A."]
[Result "1/2-1/2"]
[WhiteElo "2512"]
[BlackElo "2354"]
[PlyCount "110"]
[EventDate "2013.07.20"]

1. d4 Nf6 2. c4 e6 3. Nf3 Bb4+ 4. Bd2 a5 5. g3 b6 6. Bg2 Bb7 7. O-O O-O 8. Nc3
d6 9. Qc2 Nbd7 10. Rfd1 Bxc3 11. Bxc3 Be4 12. Qc1 Qb8 13. Bf1 b5 14. Nd2 bxc4
15. f3 Bg6 16. Nxc4 a4 17. Qd2 Rc8 18. e4 d5 19. Ne5 Qb7 20. Nxg6 hxg6 21. e5
Ne8 22. Rdc1 c5 23. dxc5 Rxc5 24. Bd4 Rxc1 25. Rxc1 Nc7 26. Qc3 Nb5 27. Qb4 Rb8
28. Bxb5 Qxb5 29. Rc8+ Kh7 30. Rxb8 Qxb8 31. Qxb8 Nxb8 32. Kf2 Nc6 33. Ke3 Kg8
34. f4 Kf8 35. Kd3 Ke7 36. Bc5+ Ke8 37. Kc3 f6 38. Bd4 Ke7 39. h4 f5 40. Bb6
Kd7 41. Bc5 Kc7 42. Bf8 Kb6 43. Bxg7 Kb5 44. Bf8 Kb6 45. b3 axb3 46. Kxb3 Nd4+
47. Kb4 Kc6 48. a4 Ne2 49. Bc5 Nxg3 50. a5 Ne4 51. Be3 Kb7 52. Kb5 Nc3+ 53. Kc5
Ne4+ 54. Kb5 Nc3+ 55. Kc5 Ne4+ 1/2-1/2

[Event "London league"]
[Site "?"]
[Date "2013.09.30"]
[Round "?"]
[White "Way, J."]
[Black "Stebbings, A."]
[Result "0-1"]
[WhiteElo "2250"]
[BlackElo "2354"]
[PlyCount "72"]
[EventDate "2013.??.??"]

1. d4 Nf6 2. Bf4 e6 3. e3 c5 4. c3 b6 5. Nf3 Bb7 6. Nbd2 Be7 7. Bd3 cxd4 8.
exd4 O-O 9. O-O d6 10. Re1 Nbd7 11. a4 a6 12. Qe2 Nh5 13. Be3 Ndf6 14. h3 Nd5
15. g3 f5 16. Bh6 gxh6 17. Qxe6+ Kh8 18. Qxh6 Ng7 19. Nc4 Rf6 20. Qd2 Qd7 21.
Re2 Re8 22. Rae1 Bd8 23. Ng5 Rxe2 24. Rxe2 h6 25. Nf3 Nxc3 26. Qxc3 Bxf3 27.
Re3 Qc6 28. Qe1 f4 29. gxf4 Rxf4 30. Nd2 Bd5 31. Rg3 Bh4 32. Bxa6 Qxa4 33. Qe3
Bxg3 34. Qxg3 Qxd4 35. Nf1 Qe4 36. Qh2 Nf5 0-1

[Event "European Club Cup"]
[Site "Rhodes, Greece"]
[Date "2013.10.21"]
[Round "2"]
[White "SteilAntoni, F."]
[Black "Stebbings, A."]
[Result "1/2-1/2"]
[WhiteElo "2185"]
[BlackElo "2354"]
[PlyCount "80"]
[EventDate "2013.10.20"]

1. e4 c5 2. Nf3 e6 3. g3 d5 4. exd5 exd5 5. d4 Nf6 6. Bg2 Be7 7. O-O O-O 8.
dxc5 Bxc5 9. Nbd2 Nc6 10. Nb3 Bb6 11. c3 Bf5 12. Bg5 h6 13. Bxf6 Qxf6 14. a4 a6
15. a5 Ba7 16. Nfd4 Be4 17. Re1 Rfe8 18. Qd2 Rac8 19. Nxc6 Qxc6 20. Nd4 Qc4 21.
Bf1 Qc7 22. Bg2 Bxg2 23. Rxe8+ Rxe8 24. Kxg2 Kf8 25. Re1 Rxe1 26. Qxe1 Qxa5 27.
Qe5 Bxd4 28. Qb8+ Ke7 29. Qxb7+ Ke6 30. cxd4 Qb5 31. Qxb5 axb5 32. b4 Kf5 33.
Kf3 h5 34. h3 g5 35. g4+ hxg4+ 36. hxg4+ Ke6 37. Ke3 f5 38. f3 f4+ 39. Kd3 Kd6
40. Kc3 Kc6 1/2-1/2

[Event "European Club Cup"]
[Site "Rhodes, Greece"]
[Date "2013.10.22"]
[Round "3"]
[White "Stebbings, A."]
[Black "Jensen, B."]
[Result "1-0"]
[WhiteElo "2354"]
[BlackElo "2321"]
[PlyCount "153"]
[EventDate "2013.10.20"]

1. e4 Nf6 2. e5 Nd5 3. d4 d6 4. Nf3 dxe5 5. Nxe5 g6 6. Be2 Bg7 7. O-O O-O 8.
Bf3 c6 9. Re1 Bf5 10. c3 Nd7 11. Nxd7 Qxd7 12. Bg5 Be6 13. Nd2 h6 14. Bh4 f5
15. Bxd5 cxd5 16. Qe2 Bf7 17. Bg3 Rfe8 18. Be5 Bf6 19. Nb3 b6 20. Nc1 g5 21. f4
Rac8 22. Nd3 a5 23. Qf3 g4 24. Qf2 Qb5 25. Re3 Be6 26. Rae1 Bd7 27. Qc2 Kf7 28.
Nf2 Qa4 29. Qb1 h5 30. a3 Qc6 31. R1e2 Bh4 32. g3 Bf6 33. h3 Bxe5 34. Rxe5 Qg6
35. hxg4 hxg4 36. Rxd5 Qc6 37. Rde5 e6 38. Nd3 Rh8 39. d5 exd5 40. Qa2 Kf6 41.
Qxd5 Rh3 42. R2e3 Rc7 43. Qxc6+ Rxc6 44. Nf2 Rh8 45. Rd3 Be6 46. Kg2 Bc8 47.
Rdd5 Be6 48. Rd4 Bc8 49. Rdd5 Be6 50. Rd3 Bc8 51. Kg1 Be6 52. Rd4 Bc8 53. Red5
Ke7 54. Rd2 Re6 55. Re5 Rxe5 56. fxe5 Bb7 57. Nd3 Rd8 58. Kf2 f4 59. gxf4 g3+
60. Kxg3 Ba6 61. Kf3 Rxd3+ 62. Rxd3 Bxd3 63. Ke3 Bg6 64. Kd4 Ke6 65. b4 axb4
66. axb4 Be8 67. c4 Kf5 68. Kd5 Bf7+ 69. Kc6 Bxc4 70. Kxb6 Kxf4 71. Kc5 Bf7 72.
Kd6 Kf5 73. b5 Be6 74. b6 Bc8 75. e6 Kf6 76. e7 Kf7 77. Kc7 1-0

[Event "European Club Cup"]
[Site "Rhodes, Greece"]
[Date "2013.10.23"]
[Round "4"]
[White "Hammerstad, A."]
[Black "Stebbings, A."]
[Result "0-1"]
[WhiteElo "2275"]
[BlackElo "2354"]
[PlyCount "74"]
[EventDate "2013.10.20"]

1. d4 Nf6 2. c4 e6 3. Nf3 Bb4+ 4. Bd2 a5 5. a3 Bxd2+ 6. Qxd2 d6 7. Nc3 Nbd7 8.
e4 e5 9. Bd3 O-O 10. O-O c6 11. b4 exd4 12. Nxd4 Qb6 13. Nc2 Ne5 14. Na4 Qc7
15. f3 Be6 16. Ne3 axb4 17. axb4 Ra7 18. Nb2 Rfa8 19. Rxa7 Rxa7 20. Rd1 Qb6 21.
Bf1 Ne8 22. Qc3 f6 23. Kh1 Ra2 24. f4 Ng4 25. Nxg4 Bxg4 26. c5 Qa7 27. cxd6
Nxd6 28. Rxd6 Qf2 29. Qc4+ Kf8 30. Nd1 Qxf4 31. Rd4 Rc2 32. Qd3 Rd2 33. Kg1
Rxd3 34. Rxd3 Qxe4 35. b5 Bxd1 36. bxc6 Bg4 37. h3 Be6 0-1

[Event "European Club Cup"]
[Site "Rhodes, Greece"]
[Date "2013.10.24"]
[Round "5"]
[White "Stebbings, A."]
[Black "BenArtzi, I."]
[Result "1/2-1/2"]
[WhiteElo "2354"]
[BlackElo "2370"]
[PlyCount "98"]
[EventDate "2013.10.20"]

1. e4 e5 2. Nf3 Nc6 3. Bb5 a6 4. Ba4 Nf6 5. Qe2 b5 6. Bb3 Be7 7. c3 d5 8. d3
O-O 9. O-O Bb7 10. Nbd2 Re8 11. a3 Bf8 12. Re1 Qd7 13. exd5 Nxd5 14. Ne4 Rad8
15. Bg5 Be7 16. Rad1 h6 17. Bxe7 Qxe7 18. Ng3 Nf4 19. Qe3 Qf6 20. Bc2 Re7 21.
Ne4 Qg6 22. g3 Qg4 23. Nh4 f5 24. f3 Qh5 25. Nc5 Ba8 26. Rd2 Rde8 27. Nxa6 Nh3+
28. Kg2 Nf4+ 29. Kg1 Nd8 30. Nc5 Nh3+ 31. Kg2 f4 32. Qe2 fxg3 33. Kxh3 g5 34.
hxg3 gxh4 35. g4 Qg5 36. Qe3 Bxf3 37. Qxg5+ hxg5 38. Bb3+ Kg7 39. Rf2 e4 40.
Bd5 c6 41. Bxe4 Bxe4 42. Rxe4 Rxe4 43. Nxe4 Ne6 44. Rf5 Nf4+ 45. Kh2 Nxd3 46.
Rxg5+ Kh6 47. Rh5+ Kg6 48. Rg5+ Kh6 49. Rh5+ Kg6 1/2-1/2